[Event "Junior Online 4NCL Division 3"]
[Site "online"]
[Date "2020.10.01"]
[Round "4.116"]
[White "Kriel, Daniel"]
[Black "Kapoor, Devansh"]
[Result "1-0"]
[WhiteElo "1135"]
[BlackElo "1060"]
[PlyCount "111"]
[EventDate "2020.10.01"]
[WhiteTeam "Brentwood School B"]
[BlackTeam "Uxbridge Juniors B"]

1. e4 e6 2. Nf3 d5 3. exd5 exd5 4. d4 Nc6 5. Nc3 Nf6 6. Bg5 Bb4 7. a3 Bxc3+ 8.
bxc3 Bg4 9. Bxf6 Qxf6 10. h3 Bxf3 11. Qxf3 Qe7+ 12. Qe2 Qxe2+ 13. Bxe2 O-O 14.
O-O Rfe8 15. Rfe1 Re7 16. Rab1 Rae8 17. Kf1 b6 18. a4 Na5 19. Bb5 Rxe1+ 20.
Rxe1 Rxe1+ 21. Kxe1 c6 22. Bd3 c5 23. dxc5 bxc5 24. f4 d4 25. cxd4 cxd4 26. g4
Nc6 27. Ke2 Nb4 28. Be4 g6 29. f5 gxf5 30. gxf5 Kg7 31. Kd2 Kf6 32. c3 dxc3+
33. Kxc3 Na2+ 34. Kd4 Nc1 35. Kc5 Ne2 36. Kc6 Nd4+ 37. Kb7 Nxf5 38. Kxa7 Nd6
39. Bxh7 Kg7 40. Bd3 f5 41. a5 f4 42. a6 f3 43. Kb6 Nc8+ 44. Kb7 Nd6+ 45. Kc7
Ne8+ 46. Kd7 Nf6+ 47. Ke6 Ne8 48. a7 Nc7+ 49. Kd6 Na8 50. Kc6 Kf7 51. Kb7 Ke7
52. Kxa8 Kd7 53. Kb7 f2 54. a8=Q Ke6 55. Qe8+ Kd5 56. Qe2 1-0

[Event "Junior Online 4NCL Division 3"]
[Site "online"]
[Date "2020.10.01"]
[Round "4.117"]
[White "Mangalagiri, Pranav"]
[Black "van Enckevort, Noah"]
[Result "1-0"]
[WhiteElo "970"]
[BlackElo "1000"]
[PlyCount "57"]
[EventDate "2020.10.01"]
[WhiteTeam "Uxbridge Juniors B"]
[BlackTeam "Brentwood School B"]

1. d4 d6 2. Nc3 c5 3. dxc5 dxc5 4. Qxd8+ Kxd8 5. Nf3 Nc6 6. e4 e5 7. Bb5 a6 8.
Bxc6 bxc6 9. Nxe5 Bb7 10. Nxf7+ Ke7 11. Nxh8 Nh6 12. Bxh6 gxh6 13. O-O-O Rd8
14. Rxd8 Kxd8 15. Rd1+ Kc7 16. e5 Bg7 17. Nf7 h5 18. e6 Bf6 19. Rd7+ Kc8 20.
Nd6+ Kb8 21. Rxb7+ Ka8 22. e7 Bxe7 23. Rxe7 Kb8 24. Rxh7 c4 25. f4 c5 26. f5 a5
27. f6 Ka8 28. f7 a4 29. f8=Q# 1-0

[Event "Junior Online 4NCL Division 3"]
[Site "online"]
[Date "2020.10.01"]
[Round "4.123"]
[White "Sheftel, Sam"]
[Black "Wang, Xiling"]
[Result "1-0"]
[WhiteElo "1300"]
[BlackElo "1075"]
[PlyCount "81"]
[EventDate "2020.10.01"]
[WhiteTeam "Surbiton Juniors B"]
[BlackTeam "Harrow Juniors E"]

1. e4 e5 2. Bc4 Nc6 3. Nf3 Bc5 4. d3 h6 5. O-O d6 6. Nc3 Bg4 7. h3 Bxf3 8. Qxf3
Nf6 9. Be3 Bxe3 10. Qxe3 O-O 11. Nd5 Nxd5 12. Bxd5 Nb4 13. Qd2 Nxd5 14. exd5
Qe7 15. c4 f5 16. Qe3 f4 17. Qf3 Rf7 18. b3 Kh8 19. Qg4 Rg8 20. Qg6 Rf6 21. Qg4
g6 22. g3 h5 23. Qg5 Qg7 24. gxf4 Rf5 25. Qh4 g5 26. fxg5 Rxg5+ 27. Kh1 Rf5 28.
Qg3 Qxg3 29. fxg3 Rxf1+ 30. Rxf1 Rxg3 31. Rf7 Rxh3+ 32. Kg2 Rxd3 33. Rxc7 Rd2+
34. Kh3 Rxa2 35. Rxb7 a5 36. Ra7 Rd2 37. Rxa5 Rd3+ 38. Kh4 e4 39. Kxh5 e3 40.
Kh6 e2 41. Ra8# 1-0

[Event "Junior Online 4NCL Division 3"]
[Site "online"]
[Date "2020.10.01"]
[Round "4.124"]
[White "Patel-Davis, Riyan"]
[Black "Morrison, Matthew"]
[Result "0-1"]
[WhiteElo "910"]
[BlackElo "1285"]
[PlyCount "80"]
[EventDate "2020.10.01"]
[WhiteTeam "Harrow Juniors E"]
[BlackTeam "Surbiton Juniors B"]

1. e4 e5 2. Nf3 Nc6 3. Nc3 Nf6 4. Bb5 d6 5. Bxc6+ bxc6 6. O-O Bg4 7. d3 Bxf3 8.
Qxf3 Be7 9. a4 O-O 10. Qg3 g6 11. Bh6 Re8 12. Ra3 d5 13. exd5 Bxa3 14. bxa3
cxd5 15. Bg5 Qd6 16. Bxf6 Qxf6 17. Nxd5 Qd6 18. c4 Rac8 19. Qf3 Rf8 20. Nf6+
Kg7 21. Ne4 Qxa3 22. Qf6+ Kg8 23. Ng5 Qd6 24. Qf3 Qe7 25. Ne4 Rb8 26. Qh3 h5
27. g4 h4 28. g5 Kg7 29. Qxh4 Rh8 30. Qg3 Rh7 31. f3 Rbh8 32. d4 exd4 33. Nf2
Qe3 34. Qxc7 a6 35. Qe7 Qxe7 36. Ng4 Qxg5 37. Kf2 f5 38. Ne5 Qe3+ 39. Kg3 Qxe5+
40. Kg2 Qxh2# 0-1

[Event "Junior Online 4NCL Division 3"]
[Site "online"]
[Date "2020.10.01"]
[Round "4.127"]
[White "Wang, Xiling"]
[Black "Sheftel, Sam"]
[Result "0-1"]
[WhiteElo "1075"]
[BlackElo "1300"]
[PlyCount "100"]
[EventDate "2020.10.01"]
[WhiteTeam "Harrow Juniors E"]
[BlackTeam "Surbiton Juniors B"]

1. e4 e5 2. Nf3 Nc6 3. Nc3 Bc5 4. Bb5 d6 5. Bxc6+ bxc6 6. d3 Bg4 7. Bg5 Bxf3 8.
Bxd8 Bxd1 9. Rxd1 Rxd8 10. a3 Nf6 11. b4 Bd4 12. Ne2 Ng4 13. O-O Be3 14. Ng3
Nxf2 15. Rxf2 Bxf2+ 16. Kxf2 g5 17. Nf5 Kf8 18. Rf1 g4 19. Kg3 h5 20. h3 gxh3
21. gxh3 f6 22. Nh4 Rg8+ 23. Kh2 Kg7 24. Nf5+ Kh7 25. Ne7 Rg7 26. Nxc6 Ra8 27.
Rxf6 Rg6 28. Rf7+ Rg7 29. Rf6 h4 30. Rf5 a6 31. Rh5+ Kg6 32. Rxh4 Kg5 33. Rg4+
Kf6 34. Rh4 Rag8 35. Rg4 Rxg4 36. hxg4 Rxg4 37. Kh3 Kg5 38. Kh2 Rf4 39. Ne7
Rf2+ 40. Kh3 Rxc2 41. Nd5 Ra2 42. Nxc7 Rxa3 43. b5 axb5 44. Nxb5 Rxd3+ 45. Kg2
Kf4 46. Na3 Rxa3 47. Kf2 Ra2+ 48. Kf1 Ke3 49. Kg1 Kf3 50. Kf1 Ra1# 0-1

[Event "Junior Online 4NCL Division 3"]
[Site "online"]
[Date "2020.10.01"]
[Round "4.128"]
[White "Morrison, Matthew"]
[Black "Patel-Davis, Riyan"]
[Result "1-0"]
[WhiteElo "1285"]
[BlackElo "910"]
[PlyCount "69"]
[EventDate "2020.10.01"]
[WhiteTeam "Surbiton Juniors B"]
[BlackTeam "Harrow Juniors E"]

1. d4 d5 2. c4 dxc4 3. e4 Nf6 4. Nc3 e5 5. d5 Bb4 6. Bxc4 Nxe4 7. Bd2 Bxc3 8.
Bxc3 Nxc3 9. bxc3 c6 10. Nf3 O-O 11. O-O e4 12. Ne1 b5 13. Bb3 cxd5 14. Bxd5
Ba6 15. Bxa8 Qxd1 16. Rxd1 b4 17. Bxe4 Bxf1 18. Kxf1 bxc3 19. Rc1 Re8 20. Bd5
Rd8 21. Bb3 Rc8 22. Nf3 h6 23. Ne5 Re8 24. Bxf7+ Kf8 25. Bxe8 Kxe8 26. Rxc3 g5
27. Rc7 Na6 28. Rxa7 Nc5 29. a4 Nd3 30. Nxd3 h5 31. Rb7 h4 32. a5 g4 33. a6 g3
34. a7 gxh2 35. a8=Q# 1-0

[Event "Junior Online 4NCL Division 3"]
[Site "online"]
[Date "2020.10.01"]
[Round "4.131"]
[White "Josse, Ben"]
[Black "Goswami, Pratyush"]
[Result "1-0"]
[WhiteElo "1000"]
[BlackElo "1262"]
[PlyCount "37"]
[EventDate "2020.10.01"]
[WhiteTeam "Surrey Kings 2"]
[BlackTeam "Rhodes Avenue Bishops"]

1. e4 c5 2. Nc3 g6 3. d4 cxd4 4. Qxd4 Nf6 5. Be3 Nc6 6. Qd2 Bg7 7. f3 d6 8. Bc4
Ne5 9. Bb3 Bd7 10. Nge2 a6 11. O-O-O Rc8 12. h4 b5 13. Bh6 O-O 14. Nd4 Qb6 15.
h5 Nxh5 16. Bxg7 Kxg7 17. g4 Nf6 18. Qh6+ Kg8 19. Nd5 1-0

[Event "Junior Online 4NCL Division 3"]
[Site "online"]
[Date "2020.10.01"]
[Round "4.132"]
[White "Dayle, Julian"]
[Black "Gardner, Oliver"]
[Result "1-0"]
[WhiteElo "1000"]
[BlackElo "1075"]
[PlyCount "37"]
[EventDate "2020.10.01"]
[WhiteTeam "Rhodes Avenue Bishops"]
[BlackTeam "Surrey Kings 2"]

1. e4 e5 2. Nf3 Nf6 3. Nxe5 Bc5 4. Nc3 O-O 5. d3 d6 6. Nf3 Nc6 7. Bg5 Bg4 8.
Be2 Nd4 9. Nxd4 Bxd4 10. Bxg4 Qe8 11. Bxf6 gxf6 12. Nd5 c6 13. Nxf6+ Bxf6 14.
O-O Bxb2 15. Rb1 Qe5 16. Qd2 Ba3 17. Qh6 Qe8 18. Bf5 Qe5 19. Qxh7# 1-0

[Event "Junior Online 4NCL Division 3"]
[Site "online"]
[Date "2020.10.01"]
[Round "4.133"]
[White "Edwards, Zachary"]
[Black "Bevan, Alexander"]
[Result "0-1"]
[WhiteElo "1075"]
[BlackElo "977"]
[PlyCount "92"]
[EventDate "2020.10.01"]
[WhiteTeam "Surrey Kings 2"]
[BlackTeam "Rhodes Avenue Bishops"]

1. e4 c5 2. Nf3 Nc6 3. Nc3 Nf6 4. d4 cxd4 5. Nxd4 e6 6. Nxc6 bxc6 7. Bg5 Be7 8.
Bh4 d5 9. Ne2 Nxe4 10. Qd4 Bxh4 11. Kd1 Nxf2+ 12. Kd2 Ne4+ 13. Ke3 Bf2+ 14. Kf4
Bxd4 15. Nxd4 O-O 16. Nxc6 Qd6+ 17. Ne5 Ng5 18. Kxg5 Qxe5+ 19. Kg4 Qxb2 20. Bd3
Qd4+ 21. Kf3 Qb6 22. h4 Ba6 23. Be2 Bxe2+ 24. Kxe2 Rab8 25. h5 Rb7 26. h6 g6
27. Rh3 Rfb8 28. Re1 Qb5+ 29. Rd3 Qc4 30. Rc1 Qxa2 31. g4 Rb1 32. Rxb1 Qxb1 33.
Kd2 Ra8 34. g5 a5 35. Ra3 Qb4+ 36. Rc3 a4 37. Kc1 Qxc3 38. Kb1 Rb8+ 39. Kc1
Qb2+ 40. Kd2 a3 41. Kd1 a2 42. Kd2 a1=B 43. Kd3 Qc3+ 44. Ke2 Rb2 45. Kd1 Qxc2+
46. Ke1 Rb1# 0-1

[Event "Junior Online 4NCL Division 3"]
[Site "online"]
[Date "2020.10.01"]
[Round "4.134"]
[White "Gelmini, Gabriel"]
[Black "Arora, Bukkan"]
[Result "1-0"]
[WhiteElo "985"]
[BlackElo "1000"]
[PlyCount "93"]
[EventDate "2020.10.01"]
[WhiteTeam "Rhodes Avenue Bishops"]
[BlackTeam "Surrey Kings 2"]

1. d4 d5 2. c4 dxc4 3. e4 Nf6 4. Nc3 Nc6 5. Nf3 Bg4 6. Be3 Bxf3 7. Qxf3 e6 8.
Qd1 Bb4 9. Bxc4 Bxc3+ 10. bxc3 Na5 11. Qa4+ Nc6 12. Bb5 O-O 13. Bxc6 bxc6 14.
Qxc6 Ng4 15. Bf4 Rc8 16. O-O Nf6 17. Rab1 Nh5 18. Be3 Nf6 19. Rb7 Ng4 20. Bf4
Qe7 21. Rxa7 e5 22. dxe5 Nxe5 23. Qb5 Ng6 24. Bg3 Qxe4 25. Rxc7 Rxc7 26. Bxc7
Nh4 27. f3 Qg6 28. Bg3 Nf5 29. Qe5 Nxg3 30. Qxg3 Qb6+ 31. Qf2 Qxf2+ 32. Rxf2 f5
33. a4 Ra8 34. Ra2 Kf7 35. Kf2 Ke6 36. Ke3 Kd5 37. Kd3 Kc5 38. Kc2 Kc4 39. h3
g5 40. Kd2 Kb3 41. Ra1 Kb2 42. Re1 Rxa4 43. Re5 Rc4 44. Rxf5 Rxc3 45. Rxg5 Rc2+
46. Kd3 Rxg2 47. Rxg2+ 1-0

[Event "Junior Online 4NCL Division 3"]
[Site "online"]
[Date "2020.10.01"]
[Round "4.135"]
[White "Goswami, Pratyush"]
[Black "Josse, Ben"]
[Result "0-1"]
[WhiteElo "1262"]
[BlackElo "1000"]
[PlyCount "50"]
[EventDate "2020.10.01"]
[WhiteTeam "Rhodes Avenue Bishops"]
[BlackTeam "Surrey Kings 2"]

1. c4 e5 2. Nc3 Nf6 3. g3 Bb4 4. Bg2 O-O 5. e3 Bxc3 6. bxc3 d6 7. Ne2 Nc6 8. d4
Bd7 9. Ba3 Re8 10. O-O e4 11. d5 Ne5 12. c5 Bg4 13. cxd6 cxd6 14. Qc2 Bf3 15.
Nd4 Qd7 16. Rab1 Rad8 17. Nb5 Nc4 18. Qc1 a6 19. Nd4 Ne5 20. Qc2 Qg4 21. Rxb7
Qh5 22. Rb6 Nfg4 23. h3 a5 24. hxg4 Nxg4 25. Nxf3 exf3 0-1

[Event "Junior Online 4NCL Division 3"]
[Site "online"]
[Date "2020.10.01"]
[Round "4.136"]
[White "Gardner, Oliver"]
[Black "Dayle, Julian"]
[Result "0-1"]
[WhiteElo "1075"]
[BlackElo "1000"]
[PlyCount "42"]
[EventDate "2020.10.01"]
[WhiteTeam "Surrey Kings 2"]
[BlackTeam "Rhodes Avenue Bishops"]

1. e4 e5 2. Nf3 Nc6 3. Bc4 Bc5 4. O-O d6 5. d3 Nf6 6. Nc3 Bg4 7. h3 Bh5 8. g4
Bg6 9. h4 Nxg4 10. Bg5 Qd7 11. Nb5 O-O 12. Bf6 Nxf6 13. Ng5 Bh5 14. Qe1 Qg4+
15. Kh1 Qxh4+ 16. Kg1 Qxg5+ 17. Kh2 Qf4+ 18. Kh3 Bg4+ 19. Kg2 Qf3+ 20. Kg1 Bh3
21. Kh2 Qg2# 0-1

[Event "Junior Online 4NCL Division 3"]
[Site "online"]
[Date "2020.10.01"]
[Round "4.137"]
[White "Bevan, Alexander"]
[Black "Edwards, Zachary"]
[Result "1-0"]
[WhiteElo "977"]
[BlackElo "1075"]
[PlyCount "61"]
[EventDate "2020.10.01"]
[WhiteTeam "Rhodes Avenue Bishops"]
[BlackTeam "Surrey Kings 2"]

1. e4 e5 2. Nf3 Nf6 3. Nxe5 Nxe4 4. Qe2 Qe7 5. Qxe4 f6 6. d3 Qxe5 7. Qxe5+ fxe5
8. Be2 d5 9. O-O Be7 10. Bf3 Be6 11. Re1 Nc6 12. Bd2 Bb4 13. c3 Ba5 14. d4 exd4
15. cxd4 Bxd2 16. Rxe6+ Ne7 17. Nxd2 Rf8 18. Rae1 Rf6 19. Rxe7+ Kd8 20. Re8+
Kd7 21. Rxa8 Ra6 22. Bxd5 Kd6 23. Bxb7 Rb6 24. Rxa7 Rxb2 25. Rb1 Rxd2 26. Be4
Rxd4 27. Bxh7 Rh4 28. Ra6+ Kd7 29. Bf5+ Kd8 30. Re1 g6 31. Ra8# 1-0

[Event "Junior Online 4NCL Division 3"]
[Site "online"]
[Date "2020.10.01"]
[Round "4.138"]
[White "Arora, Bukkan"]
[Black "Gelmini, Gabriel"]
[Result "0-1"]
[WhiteElo "1000"]
[BlackElo "985"]
[PlyCount "53"]
[EventDate "2020.10.01"]
[WhiteTeam "Surrey Kings 2"]
[BlackTeam "Rhodes Avenue Bishops"]

1. e4 c5 2. Nc3 e6 3. Bb5 a6 4. Bc4 b5 5. Be2 d5 6. exd5 exd5 7. Bf3 Nf6 8.
Qe2+ Be6 9. d3 Be7 10. Bh5 Nxh5 11. Qxh5 O-O 12. Bf4 Nc6 13. Nf3 Qd7 14. Be5
Nxe5 15. Qxe5 Bd6 16. Qe3 d4 17. Nxd4 cxd4 18. Qxd4 Bc7 19. Qe4 Rfe8 20. Qf3
Bg4+ 21. Qe4 Rxe4+ 22. dxe4 Re8 23. f3 Be6 24. O-O Qd6 25. Rad1 Qxh2+ 26. Kf2
Bb6+ 27. Ke1 0-1

[Event "Junior Online 4NCL Division 3"]
[Site "online"]
[Date "2020.10.01"]
[Round "4.142"]
[White "Morris, Conor"]
[Black "Roul, Karan"]
[Result "0-1"]
[WhiteElo "992"]
[BlackElo "427"]
[PlyCount "30"]
[EventDate "2020.10.01"]
[WhiteTeam "Leicestershire Juniors 4"]
[BlackTeam "East Kilbride Bishops"]

1. e4 d5 2. Qh5 dxe4 3. f3 exf3 4. gxf3 Nf6 5. Bc4 g6 6. Qe5 Nc6 7. Qb5 Bg7 8.
Bd5 Nxd5 9. Qxd5 Qxd5 10. Nh3 Qxf3 11. Rf1 Qe4+ 12. Kf2 Bxh3 13. Re1 Qf4+ 14.
Ke2 Bg4+ 15. Kd3 Qd4# 0-1

[Event "Junior Online 4NCL Division 3"]
[Site "online"]
[Date "2020.10.01"]
[Round "4.143"]
[White "Roul, Tushar"]
[Black "Dahi, Varad Prakash"]
[Result "1-0"]
[WhiteElo "395"]
[BlackElo "895"]
[PlyCount "73"]
[EventDate "2020.10.01"]
[WhiteTeam "East Kilbride Bishops"]
[BlackTeam "Leicestershire Juniors 4"]

1. d4 e6 2. e4 Nc6 3. Nf3 d6 4. Bb5 Bd7 5. Nc3 a6 6. Bxc6 Bxc6 7. Be3 d5 8. e5
Bb4 9. O-O Bxc3 10. bxc3 Bb5 11. Re1 Qe7 12. Bg5 Qd6 13. exd6 cxd6 14. Qb1 Nf6
15. a4 Bc6 16. Bxf6 gxf6 17. Qb4 Rd8 18. c4 dxc4 19. Qxc4 Bxf3 20. gxf3 Rg8+
21. Kf1 d5 22. Qc7 Rd7 23. Qc8+ Rd8 24. Qxb7 Rd6 25. Qa8+ Rd8 26. Qxa6 Ke7 27.
Qa7+ Rd7 28. Qc5+ Rd6 29. a5 Kd7 30. a6 Rc8 31. Qxc8+ Kxc8 32. a7 Kc7 33. a8=Q
Rd8 34. Qxd8+ Kxd8 35. Ra7 Ke8 36. Rb1 e5 37. Rb8# 1-0

[Event "Junior Online 4NCL Division 3"]
[Site "online"]
[Date "2020.10.01"]
[Round "4.144"]
[White "Wakelin, Sam"]
[Black "Narasimhan, Srivathsan"]
[Result "0-1"]
[WhiteElo "932"]
[BlackElo "410"]
[PlyCount "22"]
[EventDate "2020.10.01"]
[WhiteTeam "Leicestershire Juniors 4"]
[BlackTeam "East Kilbride Bishops"]

1. d4 d5 2. e3 Nc6 3. Bd3 Nf6 4. Nf3 Bg4 5. O-O e6 6. Be2 Bd6 7. Ne1 O-O 8. Nc3
Bxe2 9. Qxe2 Ne4 10. Bd2 Qh4 11. Nxe4 Qxh2# 0-1

[Event "Junior Online 4NCL Division 3"]
[Site "online"]
[Date "2020.10.01"]
[Round "4.146"]
[White "Roul, Karan"]
[Black "Morris, Conor"]
[Result "1-0"]
[WhiteElo "427"]
[BlackElo "992"]
[PlyCount "111"]
[EventDate "2020.10.01"]
[WhiteTeam "East Kilbride Bishops"]
[BlackTeam "Leicestershire Juniors 4"]

1. e4 e5 2. Nf3 Nc6 3. Nc3 Nf6 4. d4 exd4 5. Nxd4 Nxd4 6. Qxd4 b6 7. e5 Nh5 8.
g4 Bc5 9. Qe4 Qh4 10. Be3 c6 11. gxh5 Qxe4 12. Nxe4 Bxe3 13. fxe3 d5 14. Nc3
Bf5 15. O-O-O Be4 16. Nxe4 dxe4 17. Bg2 Rd8 18. Rxd8+ Kxd8 19. Bxe4 Re8 20.
Bxc6 Rxe5 21. Kd2 Rxh5 22. Rg1 Rc5 23. Be4 Re5 24. Bd3 Ra5 25. a3 Rh5 26. Rxg7
Rxh2+ 27. Kc3 Rh3 28. e4 a5 29. Rxf7 Rh6 30. e5 Rc6+ 31. Kd2 Re6 32. Rxh7 Rxe5
33. Rb7 Re6 34. Kc3 Rc6+ 35. Bc4 Kc8 36. Rh7 Rc5 37. b4 Rg5 38. bxa5 bxa5 39.
Kb2 Rg4 40. Kb3 Rg3+ 41. c3 Kd8 42. Rh5 Rg4 43. Rxa5 Kc7 44. Rb5 Kc6 45. Rb4
Kc5 46. Rb5+ Kc6 47. a4 Re4 48. Bd5+ Kd6 49. Bxe4 Kc7 50. a5 Kc8 51. Bh1 Kd8
52. Rb7 Kc8 53. Rh7 Kb8 54. a6 Kc8 55. a7 Kd8 56. a8=Q# 1-0

[Event "Junior Online 4NCL Division 3"]
[Site "online"]
[Date "2020.10.01"]
[Round "4.147"]
[White "Dahi, Varad Prakash"]
[Black "Roul, Tushar"]
[Result "0-1"]
[WhiteElo "895"]
[BlackElo "395"]
[PlyCount "102"]
[EventDate "2020.10.01"]
[WhiteTeam "Leicestershire Juniors 4"]
[BlackTeam "East Kilbride Bishops"]

1. e4 d5 2. exd5 Nf6 3. Nc3 Nxd5 4. Nxd5 Qxd5 5. Nf3 Nc6 6. d3 Bg4 7. Be2 O-O-O
8. O-O g6 9. h3 Bxf3 10. Bxf3 Qd6 11. Re1 Bg7 12. c3 Qxd3 13. Qxd3 Rxd3 14.
Rxe7 Rd7 15. Rxd7 Kxd7 16. Bg4+ f5 17. Bf3 Re8 18. Bxc6+ Kxc6 19. Bg5 Kd7 20.
Rd1+ Kc8 21. b4 Bxc3 22. Be3 Bxb4 23. Bxa7 b6 24. Rb1 Re1+ 25. Rxe1 Bxe1 26.
Kh2 Kb7 27. Bxb6 cxb6 28. g3 Bxf2 29. Kg2 Bc5 30. Kf3 Bd6 31. h4 Kc6 32. a4 Kd5
33. a5 bxa5 34. g4 fxg4+ 35. Kxg4 h6 36. h5 gxh5+ 37. Kxh5 a4 38. Kxh6 a3 39.
Kg6 a2 40. Kf6 a1=Q+ 41. Kf5 Qe1 42. Kf6 Ba3 43. Kf5 Bb2 44. Kg6 Ba1 45. Kf7
Kd6 46. Kg6 Qf1 47. Kg5 Ke5 48. Kg6 Qf6+ 49. Kh5 Qg7 50. Kh4 Kf4 51. Kh3 Qg3#
0-1

[Event "Junior Online 4NCL Division 3"]
[Site "online"]
[Date "2020.10.01"]
[Round "4.148"]
[White "Narasimhan, Srivathsan"]
[Black "Wakelin, Sam"]
[Result "1/2-1/2"]
[WhiteElo "410"]
[BlackElo "932"]
[PlyCount "98"]
[EventDate "2020.10.01"]
[WhiteTeam "East Kilbride Bishops"]
[BlackTeam "Leicestershire Juniors 4"]

1. e4 e5 2. Nf3 Nf6 3. Nc3 Nc6 4. d4 d5 5. dxe5 dxe4 6. exf6 exf3 7. Qxd8+ Nxd8
8. Bb5+ c6 9. Bc4 fxg2 10. Rg1 Bh3 11. Bf4 Bc5 12. O-O-O O-O 13. Ne4 Bd4 14.
Rxd4 Ne6 15. Bxe6 fxe6 16. Ng5 Rxf6 17. Nxh3 Re8 18. Rxg2 e5 19. Bxe5 Rxe5 20.
f4 Re1+ 21. Kd2 Re8 22. Rd7 Rf7 23. Rxf7 Kxf7 24. Ng5+ Kg8 25. f5 Rd8+ 26. Ke3
Re8+ 27. Kf4 g6 28. fxg6 Rf8+ 29. Kg4 hxg6 30. Ne6 Re8 31. Nd4 Re4+ 32. Kh3
Rxd4 33. Rxg6+ Kf8 34. Rf6+ Ke7 35. Rh6 Rd2 36. Rh7+ Kd6 37. Rxb7 Rxc2 38. Rxa7
Rxb2 39. Ra3 c5 40. Rd3+ Ke5 41. Kg4 c4 42. Re3+ Kd4 43. Rf3 Rxa2 44. h4 Rg2+
45. Kh3 Rd2 46. Rf4+ Kd3 47. Rf3+ Kd4 48. Rf4+ Kd3 49. Rf3+ Kd4 1/2-1/2

[Event "Junior Online 4NCL Division 3"]
[Site "online"]
[Date "2020.10.01"]
[Round "4.151"]
[White "Kulkarni, Arnav"]
[Black "Barringer-Allen, William B"]
[Result "1-0"]
[WhiteElo "1033"]
[BlackElo "1285"]
[PlyCount "127"]
[EventDate "2020.10.01"]
[WhiteTeam "St John's College C"]
[BlackTeam "May The Fork Be With You 3"]

1. e4 e5 2. Nf3 Nc6 3. Bc4 Be7 4. Nc3 Nf6 5. d3 d6 6. h3 O-O 7. Bg5 Be6 8. Bxe6
fxe6 9. d4 exd4 10. Nxd4 Nxd4 11. Qxd4 e5 12. Qc4+ Kh8 13. O-O c6 14. Rad1 Qb6
15. b3 Rad8 16. Qe6 Qc7 17. Rfe1 Qd7 18. Qxd7 Rxd7 19. Re3 h6 20. Bh4 Nh7 21.
Bxe7 Rxe7 22. Rxd6 Ng5 23. h4 Nf7 24. Rg6 Kh7 25. Reg3 Nh8 26. Rd6 Nf7 27. Rdg6
Nh8 28. R6g4 Ref7 29. Nd1 Rd8 30. Ne3 Rdf8 31. a4 h5 32. Rg5 g6 33. f3 Re7 34.
Nf5 Rd7 35. c4 Rd1+ 36. Kf2 Rfd8 37. Rxh5+ Kg8 38. Ne7+ Kf7 39. Rh7+ Kf6 40.
Ke3 R1d7 41. Nd5+ cxd5 42. Rxd7 Rxd7 43. exd5 Nf7 44. f4 a5 45. fxe5+ Nxe5 46.
Ke4 b6 47. Re3 Re7 48. d6 Nxc4+ 49. dxe7 Kxe7 50. Rg3 Kf6 51. bxc4 Kf7 52. Rf3+
Ke6 53. Rb3 Kd7 54. Rxb6 Kc7 55. Rxg6 Kd7 56. Kd5 Ke7 57. Rb6 Kd7 58. Rb7+ Ke8
59. Ke6 Kd8 60. Rh7 Kc8 61. Kd6 Kb8 62. Kc6 Ka8 63. Kb6 Kb8 64. Rh8# 1-0

[Event "Junior Online 4NCL Division 3"]
[Site "online"]
[Date "2020.10.01"]
[Round "4.152"]
[White "Milani-Foglia, Aurelio"]
[Black "Baranidharan, Kritthik"]
[Result "1-0"]
[WhiteElo "1352"]
[BlackElo "1040"]
[PlyCount "115"]
[EventDate "2020.10.01"]
[WhiteTeam "May The Fork Be With You 3"]
[BlackTeam "St John's College C"]

1. e4 e5 2. Nf3 Nc6 3. Bc4 Nf6 4. d3 d6 5. Bg5 h6 6. Bh4 Bg4 7. Nc3 g5 8. Bg3
Qd7 9. O-O O-O-O 10. h3 Be6 11. Bh2 Bxc4 12. dxc4 Qe6 13. Nd5 Nxe4 14. Re1 Nf6
15. b4 Nxd5 16. cxd5 Qd7 17. dxc6 Qxc6 18. a4 Qc3 19. b5 Bg7 20. Nd2 e4 21.
Nxe4 Qb4 22. Rb1 Qxa4 23. c3 Qxd1 24. Rexd1 d5 25. Nd2 Bxc3 26. Rdc1 Bxd2 27.
Rxc7+ Kb8 28. Rc2+ Ka8 29. Rxd2 b6 30. Rc1 Rc8 31. Rdc2 Rxc2 32. Rxc2 Re8 33.
f3 f5 34. Rd2 Rd8 35. Be5 a5 36. bxa6 Ka7 37. Ra2 d4 38. Kf2 d3 39. Ke3 f4+ 40.
Kd2 Rd5 41. Bg7 h5 42. Bh6 g4 43. Bxf4 gxf3 44. gxf3 Rf5 45. Ke3 Rd5 46. Ke4 d2
47. Bxd2 Rg5 48. Bxg5 h4 49. f4 b5 50. f5 b4 51. f6 b3 52. Rb2 Kxa6 53. Rxb3
Ka5 54. f7 Ka4 55. Rb8 Ka5 56. f8=Q Ka6 57. Qb4 Ka7 58. Qb7# 1-0

[Event "Junior Online 4NCL Division 3"]
[Site "online"]
[Date "2020.10.01"]
[Round "4.153"]
[White "Singh, Ayush"]
[Black "Joshi, Aarav"]
[Result "1-0"]
[WhiteElo "967"]
[BlackElo "1225"]
[PlyCount "87"]
[EventDate "2020.10.01"]
[WhiteTeam "St John's College C"]
[BlackTeam "May The Fork Be With You 3"]

1. e4 c5 2. Nc3 Nc6 3. Nf3 Nf6 4. Bc4 d6 5. O-O e6 6. d4 cxd4 7. Nxd4 Be7 8.
Nxc6 bxc6 9. Bf4 d5 10. Bb3 O-O 11. exd5 cxd5 12. Bg5 Bb7 13. Qd4 Qd6 14. Nb5
Qc5 15. Bxf6 Qxd4 16. Bxd4 Ba6 17. c4 dxc4 18. Bxc4 Rfd8 19. Be3 Rdc8 20. Bd3
Rcb8 21. a4 Rd8 22. Rad1 Rab8 23. Bf4 Rb7 24. Be3 Bf6 25. b3 Rdd7 26. Be4 Rxd1
27. Rxd1 Rb8 28. Bf4 Rc8 29. Rd6 Bxb5 30. axb5 e5 31. Be3 Rb8 32. b6 axb6 33.
Rxb6 Re8 34. b4 h6 35. g4 Bd8 36. Rb8 Kf8 37. Bc5+ Kg8 38. Bc6 Re6 39. Rxd8+
Kh7 40. Be4+ g6 41. b5 Rf6 42. b6 Re6 43. b7 Re7 44. b8=Q 1-0

[Event "Junior Online 4NCL Division 3"]
[Site "online"]
[Date "2020.10.01"]
[Round "4.154"]
[White "Popat, Imara"]
[Black "Fattorelli, Giulio"]
[Result "0-1"]
[WhiteElo "1285"]
[BlackElo "872"]
[PlyCount "122"]
[EventDate "2020.10.01"]
[WhiteTeam "May The Fork Be With You 3"]
[BlackTeam "St John's College C"]

1. e4 d5 2. exd5 Qxd5 3. Nc3 Qe5+ 4. Be2 Nc6 5. Nf3 Qf5 6. O-O Nb4 7. a3 Nxc2
8. Nh4 Qg5 9. Nf3 Qf5 10. d3 Nxa1 11. Nd4 Qc5 12. Be3 e5 13. Ndb5 Qc6 14. Bf3
Qd7 15. Qxa1 a6 16. Nxc7+ Qxc7 17. Rc1 e4 18. Bxe4 Qe5 19. Nd5 Nf6 20. Nc7+ Kd8
21. Nxa8 Nxe4 22. dxe4 Qxe4 23. Bb6+ Ke8 24. Rxc8+ Ke7 25. Qd1 Kf6 26. h3 Qe6
27. Bd4+ Ke7 28. Bc5+ Kf6 29. Qf3+ Kg6 30. Bxf8 Qxc8 31. Qg3+ Kf6 32. Qd6+ Kg5
33. Qd5+ Kg6 34. Qd6+ Kg5 35. Qe5+ Kg6 36. Qxg7+ Kh5 37. Qxh8 Qxa8 38. Be7 Qxh8
39. g4+ Kg6 40. h4 Qc8 41. f4 Qc4 42. f5+ Kh6 43. g5+ Kh5 44. g6 Qg4+ 45. Kf2
Qxf5+ 46. Kg3 Qxg6+ 47. Bg5 f6 48. b4 f5 49. b5 f4+ 50. Kxf4 Qd6+ 51. Ke4 axb5
52. a4 bxa4 53. Bf6 Qxf6 54. Ke3 a3 55. Ke2 a2 56. Kd2 a1=Q 57. Kc2 Kg6 58. h5+
Kf7 59. h6 Qa3 60. Kd2 Qf2+ 61. Kd1 Qa1# 0-1

[Event "Junior Online 4NCL Division 3"]
[Site "online"]
[Date "2020.10.01"]
[Round "4.155"]
[White "Barringer-Allen, William B"]
[Black "Kulkarni, Arnav"]
[Result "1-0"]
[WhiteElo "1285"]
[BlackElo "1033"]
[PlyCount "67"]
[EventDate "2020.10.01"]
[WhiteTeam "May The Fork Be With You 3"]
[BlackTeam "St John's College C"]

1. d4 d5 2. Nc3 Nf6 3. Bg5 Nc6 4. Nf3 h6 5. Bxf6 exf6 6. e4 dxe4 7. Nxe4 Bg4 8.
Be2 Bxf3 9. Bxf3 Nxd4 10. c3 Nxf3+ 11. Qxf3 Qe7 12. O-O O-O-O 13. Rad1 Rxd1 14.
Rxd1 Qe6 15. Qd3 Bd6 16. Nxd6+ cxd6 17. c4 Rd8 18. h3 Qe7 19. b4 g5 20. b5 b6
21. g4 Kc7 22. Qf3 Qe6 23. Rd3 Qxc4 24. Rc3 Qc5 25. Rxc5+ bxc5 26. Qc6+ Kb8 27.
a4 d5 28. Qxc5 d4 29. Qc2 d3 30. Qd2 Kc7 31. f3 Kb6 32. Kf2 Kc5 33. Qc3+ Kd5
34. Qxd3+ 1-0